| 000 | 00349nam a2200121 a 4500 | ||
|---|---|---|---|
| 005 | 20140414132104.0 | ||
| 008 | 100823s19uu xx 00 eng d | ||
| 050 |
_aM 523.7 _bOr5 2007 |
||
| 245 |
_aBlast off! : _bLet's explore the sun. |
||
| 260 |
_aGreat Britain : _bTicktock Media Ltd, _c2007. |
||
| 650 |
_aSun _xJuvenile literature |
||
| 999 |
_c114563 _d114563 |
||